Eastern Utah Libraries Catalog: Duchesne, Heber, Roosevelt, & Vernal

Brave Irene / (Record no. 416232)

MARC details
000 -LEADER
fixed length control field 00977cam a2200289 a 4500
001 - CONTROL NUMBER
control field 86080957
003 - CONTROL NUMBER IDENTIFIER
control field DLC
005 - DATE AND TIME OF LATEST TRANSACTION
control field 20260206101158.0
008 - FIXED-LENGTH DATA ELEMENTS--GENERAL INFORMATION
fixed length control field 860403s1986 nyua b 000 1 eng
010 ## - LIBRARY OF CONGRESS CONTROL NUMBER
LC control number 86080957
020 ## - INTERNATIONAL STANDARD BOOK NUMBER
International Standard Book Number 9780374309473
020 ## - INTERNATIONAL STANDARD BOOK NUMBER
International Standard Book Number 0374309477
035 ## - SYSTEM CONTROL NUMBER
System control number (OCoLC)14352327
040 ## - CATALOGING SOURCE
Original cataloging agency DLC
Transcribing agency DLC
Modifying agency DLC
-- TnLvILS
042 ## - AUTHENTICATION CODE
Authentication code lcac
050 00 - LIBRARY OF CONGRESS CALL NUMBER
Classification number PZ7.S8177
Item number Br 1986
082 00 - DEWEY DECIMAL CLASSIFICATION NUMBER
Classification number [E]
Edition number 22
100 1# - MAIN ENTRY--PERSONAL NAME
Personal name Steig, William,
Dates associated with a name 1907-2003.
245 10 - TITLE STATEMENT
Title Brave Irene /
Statement of responsibility, etc by William Steig.
250 ## - EDITION STATEMENT
Edition statement 1st ed.
260 ## - PUBLICATION, DISTRIBUTION, ETC. (IMPRINT)
Place of publication, distribution, etc New York :
Name of publisher, distributor, etc Farrar, Straus, Giroux,
Date of publication, distribution, etc 1986.
300 ## - PHYSICAL DESCRIPTION
Extent 1 v. (unpaged) :
Other physical details col. ill. ;
Dimensions 27 cm.
520 ## - SUMMARY, ETC.
Summary, etc Plucky Irene, a dressmaker's daughter, braves a fierce snowstorm to deliver a new gown to the duchess in time for the ball.
650 #1 - SUBJECT ADDED ENTRY--TOPICAL TERM
Topical term or geographic name as entry element Blizzards
Form subdivision Fiction.
9 (RLIN) 5685007
650 #1 - SUBJECT ADDED ENTRY--TOPICAL TERM
Topical term or geographic name as entry element Dressmaking
Form subdivision Fiction.
9 (RLIN) 5753702
856 42 - ELECTRONIC LOCATION AND ACCESS
Materials specified Publisher description
Uniform Resource Identifier <a href="http://www.loc.gov/catdir/description/hol042/86080957.html">http://www.loc.gov/catdir/description/hol042/86080957.html</a>
Holdings
Withdrawn status Lost status Source of classification or shelving scheme Damaged status Not for loan Collection code Home library Current library Shelving location Date acquired Source of acquisition Total Checkouts Total Renewals Full call number Barcode Checked out Date last seen Date checked out Cost, replacement price Price effective from Koha item type
    Dewey Decimal Classification     Children Picture Books Wasatch County Library Wasatch County Library Main Floor Childrens Area 02/12/2026 Ingram 1 2 E Steig 34301002179234 05/01/2026 03/05/2026 03/05/2026 20.99 02/12/2026 BOOK
This project was made possible through a grant from the Institute of Museum and Library Service administered by the Utah State Library Division.

Wasatch County Library

  • 465 East 1200 South, Heber City, Utah 84032
  • Phone 435-654-1511 | Fax 435-654-6456

Hours

  • Monday - Friday 9:30 AM - 8:00 PM
  • Saturday 9:30 AM - 1:30 PM
  • Closed Sundays and Holidays